Los vaivenes de los movimientos sociales en México /
Se describe el papel de los movimientos sociales en México entre 1985 y el 2005, enfatizando dos de ellos: el movimiento indígena y el popular, o cívico. Con respecto al primero, se plantea su papel movilizador en México y sus experiencias de poder local y de autonomía, que no siempre fueron represe...
Gespeichert in:
| 1. Verfasser: | |
|---|---|
| Format: | Text |
| Schlagworte: | |
| Tags: |
Tag hinzufügen
Keine Tags, Fügen Sie den ersten Tag hinzu!
|
MARC
| LEADER | 00000 a a2200000 04500 | ||
|---|---|---|---|
| 001 | 11079 | ||
| 003 | |||
| 040 | |||
| 100 | |a Almeyra, Guillermo | ||
| 245 | |a Los vaivenes de los movimientos sociales en México / |c Guillermo Almeyra | ||
| 520 | |a Se describe el papel de los movimientos sociales en México entre 1985 y el 2005, enfatizando dos de ellos: el movimiento indígena y el popular, o cívico. Con respecto al primero, se plantea su papel movilizador en México y sus experiencias de poder local y de autonomía, que no siempre fueron representadas por el Ejército Zapatista de Liberación Nacional. Del segundo movimiento, se plantea la lucha popular por los derechos democráticos y los recursos naturales, frente a las dudosas elecciones del 2006, y cómo los obreros y campesinos comienzan a unirse con el movimiento cívico para lograr cambios. | ||
| 650 | |a MEXICO | ||
| 650 | |a MOVIMIENTO INDIGENA | ||
| 650 | |a MOVIMIENTO CIVICO | ||
| 650 | |a FRAUDE | ||
| 773 | |g volumen 9, número 24; páginas 87-101 | ||
| 999 | |c 21206 |d 21206 | ||
